00517 2200205 4500001002100000005001500021035002000036007000300056008004100059020001800100082001000118084001600128100002200144245003200166260004700198300001700245650001400262650001500276990002000291INLIS00000000000290920260423082659 a0010-0426000003ta260423 f 0 ind  a979-455-026-4 a630.7 a630.7 SUR m0 aSuriatna, Sumardi1 aMetode Penyuluhan Pertanian aJakarta :bMedyatama Sarana Perkasa,c1988 a74 ;c20 cm. 4aPertanian 4aPenyuluhan a20220423.01.003